| 000 | 00835nam a2200205 a 4500 | ||
|---|---|---|---|
| 001 | 000048981 | ||
| 005 | 20250607073643.0 | ||
| 008 | 091207s2001 dr 000 0 spa d | ||
| 040 |
_aDO-SdBNP _bspa _cBNPHU |
||
| 082 |
_a344. 729304 _bR426L, 2001 |
||
| 110 | 1 |
_aRepública Dominicana. _b Secretaria de Estado de Salud Pública y Asistencia Social (2001) _956549 |
|
| 240 | 1 | 3 | _a[ Leyes, etc.] |
| 245 | 1 | 0 |
_aLey general de salud No. 42-01 : _bdel 21 de febrero del año 2001 promulgada el 8 de marzo del 2001. |
| 260 |
_aSanto Domingo : _bEdiciones Jurídicas Trajano Potentini, _c2001. |
||
| 300 |
_a130 p. ; _c21 cm. |
||
| 590 | _aInventariado, 2019/YL | ||
| 650 | 4 |
_aSalud pública _xLegislación _zRepública Dominicana _916564 |
|
| 651 | 4 |
_aRepública Dominicana _xLey No. 42-01 _932031 |
|
| 910 | _aValidado. Control de calidad MFF | ||
| 999 |
_c48469 _d48469 |
||